00440nam a2200181Ia 4500008004100000020001800041050001400059100002200073245001400095245005000109260001500159260001600174260000900190300001400199300002700213300001000240500000800250170918s9999 xx 000 0 und d a9780545259804 bH474 2008 aHelakoski, Leslie aWoolbur / cLeslie Helakoski ; illustrated by Lee Harper. aNew York : bScholastic, c2008 aunpaged : bcolored illustration ; c25cm. a270